000 00698nam a22001337a 4500
008 170207b xxu||||| |||| 00| 0 eng d
020 _a9780495011477 9780495011477
041 _aeng
080 _212ED
_a61
100 _a4
101 _aSHM
245 _aHEALTH
_cDIANNE HALES
942 _2udc
_cBK
999 _c4809
_d4809